Chile, revolución silenciosa: selección
Shranjeno v:
| Glavni avtor: | |
|---|---|
| Format: | Knjiga |
| Jezik: | španščina |
| Izdano: |
Santiago
Lord Cochrane
1989
|
| Teme: | |
| Oznake: |
Označite
Brez oznak, prvi označite!
|
MARC
| LEADER | 00000nam a2200000 a 4500 | ||
|---|---|---|---|
| 001 | UCS1545 | ||
| 003 | CL-VaPUC | ||
| 008 | 970512e19890000CL |||||||||||||||||spa|d | ||
| 082 | 0 | 4 | |a 330.122 |b LAV |2 21 |
| 100 | |a Lavín Infante, Joaquín |e author |9 517041 | ||
| 245 | 1 | 0 | |a Chile, revolución silenciosa: selección |
| 300 | |a 94 p | ||
| 942 | |c BK | ||
| 945 | |d 19970512 00:00:00 |a rleighto | ||
| 260 | |a Santiago |b Lord Cochrane |c 1989 | ||
| 650 | 7 | |a ECONOMIA LIBRE DE MERCADO |2 CL-VaPUC |9 334484 | |
| 650 | 0 | |a Economía |9 255568 | |
| 650 | 7 | |a SECTOR PRIVADO |2 CL-VaPUC |9 371647 | |
| 650 | 0 | |a Pobreza |9 258652 | |
| 650 | 0 | |a Tecnología |9 256742 | |
| 651 | 7 | |a CHILE |2 CL-VaPUC |9 386043 | |
| 583 | |a last modification |c 20150408 02:52:09 |k Rodrigo Vera | ||
| 999 | |c 259584 |d 259582 | ||
| 952 | |0 0 |1 0 |4 0 |6 330_122000000000000_LAV_1989 |7 0 |8 A |9 284501 |a BIBGIM |b BIBGIM |d 2019-11-19 |i 3302423 |l 1 |o 330.122 LAV 1989 |p 3302423 |r 2025-01-15 |s 2022-08-10 |w 2019-11-19 |y BK |k SSL | ||